| 000 | 00600nam a2200193Ia 4500 | ||
|---|---|---|---|
| 008 | 140527s9999 xx 000 0 und d | ||
| 020 | _a9780415663304 | ||
| 050 |
_aTR 267.5.A33 _b.As84 2013 |
||
| 100 | _aAsch, David | ||
| 245 |
_aHow to cheat in Photoshop elements 11 : _brelease your imagination / _cDavid Asch. |
||
| 250 | _a6th ed. | ||
| 260 |
_aNew York : _bFocal Press, Taylor & Francis Group, _cc2013. |
||
| 300 |
_a293 p. : _bcol. Ill. ; _c25 cm. |
||
| 500 | _aIncludes index. | ||
| 521 | _aIT | ||
| 650 |
_aImage processing _xDigital techniques |
||
| 942 |
_kFOR _cBK |
||
| 999 |
_c117389 _d117389 |
||